000 00526nam a2200229Ia 4500
003 OSt
005 20220912153048.0
006 a|||||r|||| 00| 0
007 ta
008 220909b |||||||| |||| 00| 0 eng d
024 _a22994
037 _cTextual
040 _aCSL
_beng
_cCSL
041 _aeng
082 _aY:1:5.410j5, L4
100 _aPAK H
245 0 _aChina and the west
260 _c1974
300 _ap.
_ccm.
942 _hY:1:5.410j5, L4
_cTEXL
_2CC
999 _c97486
_d97486